Vállalkozás indításával kapcsolatos tervezési, szervezési feladatok

Bibliográfiai részletek
Szerző: Pecze Zoltán
További közreműködők: Szijártó Boglárka
Dokumentumtípus: Diplomadolgozat
Kulcsszavak:számviteli politika
Üzleti terv
szervezés
Online Access:http://dolgozattar.uni-bge.hu/9680

MARC

LEADER 00000nta a2200000 i 4500
001 dolg9680
005 20161219150852.0
008 161219suuuu hu om 000 hun d
040 |a BGE Dolgozattár Repozitórium  |b hun 
041 |a hu 
100 1 |a Pecze Zoltán 
245 1 0 |a Vállalkozás indításával kapcsolatos tervezési, szervezési feladatok  |c Pecze Zoltán  |h [elektronikus dokumentum] 
246 1 1 |a Vállalkozás indításával kapcsolatos tervezési, szervezési feladatok 
695 |a számviteli politika 
695 |a Üzleti terv  
695 |a szervezés 
700 1 |a Szijártó Boglárka  |e ths 
856 4 0 |u http://dolgozattar.uni-bge.hu/9680/1/PECZE%20ZOLTAN_JBFXCU.pdf  |z Dokumentum-elérés